1852 1815 1469 1910 1122 1148 1705 1108 1865 1420 1463 1093 1048 1077 1820 1643 1546 1204 1038 1343 1683 1088 1457 1771 1781 1274 1171 1494 1297 1937 1784 1789 1035 1345 1106 1236 1178 1175 1522 1957 1136 1547 1599 1528 1613 1013 1043 1727 1794 1153 1760 1689 1715 1574 1811 1540 1762 1255 1128 1256 1247 1137 1070 1369 1937 1765 1913 1634 1317 1864 1738 1075 1490 1860 1113 1358 1384 1651 1361 1319 1543 1993 1537 1082 1833 1982 1348 1070 1387 1455 1044 1860 1310 1885 1531 1969 1288 1529 1587 BCNSPRNW ULIB Ver.6.0+V

เปลี่ยนเป็นภาษาไทย

Change to English
 แสดงรายละเอียดบรรณานุกรม
  กลับหน้าหลัก

Brief Record : Get Marc (ISO 2709) : E-mail record : QR code < ปิดหน้าต่าง
LEADER : 00000nam 2200000uu 4500
001    13399110422
003     ULIB
008    110527s2550||||th 000 0 tha d
020    9789744140050
050  4 LB2831.8^bธ662ก 2550
100 0  ธีระ รุญเจริญ
245 10 การบริหารโรงเรียนยุคปฏิรูปการศึกษา /^cธีระ รุญเจริญ
250    พิมพ์ครั้งที่ 1
260    กรุงเทพฯ :^bเอ็กซเปอร์เน็ท,^c2550
300    225 หน้า :^bภาพประกอบ, แผนภูมิ ;^c26 ซม.
650  7 การบริหาร
650  7 การศึกษา^xการบริหาร
650  7 ผู้บริหารโรงเรียน
650  7 โรงเรียน^xการบริหาร
945    ^p230^l0^i18172
995    เกษร
999    ^aใช้งานได้ทุกระบบ
รายการนี้ยังไม่มีแท็ก
คุณยังไม่ได้ล็อกอิน คุณสามารถมีกิจกรรมร่วมกับเว็บไซต์ได้ แต่ต้องล็อกอินก่อน ::
  ล็อกอิน

รายการสื่อสารสนเทศ

ลำดับที่ ประเภท เลขเรียก/บาร์โค้ด สถานที่ สถานะ
1. วิทยาศาสตร์การแพทย์ และสุขภาพ
วิทยาศาสตร์การแพทย์ และสุขภาพ
LB2831.8 ธ662ก 2550  
  Barcode: 18172
ห้องสมุดวิทยาเขตสวรรค์ประชารักษ์
►นวนิยาย
บนชั้น
  ขอยืม

รายการใกล้เคียง
    ผู้แต่ง [ธีระ รุญเจริญ]

    หัวเรื่อง [การบริหาร]
    หัวเรื่อง [ผู้บริหารโรงเรียน]

BibComment


ยังไม่เคยถูกคอมเมนท์

คอมเมนท์ทรัพยากรรายการนี้
  คอมเมนท์: การบริหารโรงเรียน..


 Copyright 2026. Bcnsprnw @Library